00485nam a22001937a 450000500170000001000150001702000260003203500140005803700090007208200060008110000200008724500350010725000100014226000300015227000320018230000200021470000270023470000300026120241022123251.0 aENG-142239 a9789393384737c199.00 aEN-125771 bDBAD aS aPrakash, Pankaj aThe Coffee/cby Pankaj Prakash aFirst bBluerose Publishersc2023 minfo@bluerosepublishers.com a117p.c20cm(pb) aRamasamy, Praveenkumar aShanmugasundaram, Sowmika